000 01017nam0a2200301 4500
001 RU\NLR\bibl\517026
005 20260405161856.0
010 _a5-17-021697-1
_bАСТ
010 _a5-9602-0130-5
_92500
_bВЗОИ
021 _aRU
_b2004-17098
_9878
035 _a(NLR Aleph) 000509456
090 _a1223942
_c1223942
100 _a20040505d2004 |||y0rusy50 ca
101 1 _arus
_ceng
102 _aRU
105 _ay |||||||||
200 1 _aКод бытия
_eРоман
_fДжон Кейз
_g[Пер. с англ. Г.Б. Косова]
210 _aМ.
_cАСТ
_cВЗОИ
_d2004
215 _a509,[1] с.
_d17
225 1 _aКлассическая и современная проза
320 _aНа 4-й с. обл. др. произведения авт.
686 _aШ6(7США)67-446{Лх1979-60}
700 1 _4070
_8rus
_7ca
_aКейз
_bД.
_gДжон
_3RU\NLR\auth\7768278
_951206
801 0 _aRU
_bNLR
_c20040505
_gPSBO
801 1 _aRU
_bNLR
_c20040505
942 _cBOOK
980 _aNB